000 00914nmm a2200277 a 4500
001 ocm0001349770
003 TR-IsHL
005 20201028161341.0
008 161016s2013 tu tur
007 cr cn
020 _a9786051313337
035 _a1349770
_b(N$T)
050 0 4 _aPZ90.B34
_bD8
090 0 4 _aPZ90.B34
_bD8
100 1 _aBahadıroğlu, Yavuz
245 1 0 _aDürüst ol ki mutlu olasın
_h[electronic resource] /
_cYavuz Bahadıroğlu ; resimleyen İbrahim Çiftçi
260 _aİstanbul :
_bNesil Çocuk Yayınları,
_c2013
300 _a97 p.
650 4 _aDil ve Edebiyat
650 4 _aLanguage and Literature
650 0 _aÇocuk hikayeleri, Türk
650 0 _aChildren story, Turkish
650 7 _aJUVENILE FICTION / General
_2bisacsh
700 1 _aÇiftçi, İbrahim
856 4 0 _uhttp://search.ebscohost.com/login.aspx?direct=true&scope=site&db=e011xww&AN=1349770
999 _c14073
_d14073